LEADER 01248nas a2200337 i 4500 001 000000238808 003 CaOOAMICUS 005 20150216000000.0 008 150216b2005 it uu u0 0ita r 013 $a217713 040 $aSeMil$bita 245 10$aArte e fede. Gli occhi fissi su Gesù. Voi, chi dite che io sia? 2. Anno. 260 $aBologna :$bEDB,$c2005. 300 $a119 p. (in 10 fascicoli) ;$c22 cm. 500 $aIn custodia. 650 4$aGesù Cristo - Titoli.$0(OLS)http://semarc/subject/5485 773 0 $tEvangelizzare.$dBologna : EDB, 1976-2014.$w()2273 774 0 $tAgnello di Dio.$w()284216 774 0 $tMessia.$w()284217 774 0 $tFiglio di Dio.$w()284218 774 0 $tSalvatore.$w()284219 774 0 $tBuon pastore.$w()284220 774 0 $tServo di YHWH.$w()284221 774 0 $tSignore.$w()284222 774 0 $tMaestro.$w()284223 774 0 $tPantocratore.$w()284224 774 0 $tRe.$w()284225 850 $aSeMil 852 $aSeMil$W1$xVenegono$y1$m137 3 34/S$j189154$B189154$CSeMilBibl$Z2$F199981 $85 996 $6245$aArte e fede. Gli occhi fissi su Gesù. Voi, chi dite che io sia? 2. Anno$9(OLS)http://semarc/title/340225 996 $6260$aBologna :$bEDB$9(OLS)http://semarc/publisher/29669 LEADER 01001nam a2200229 i 4500 001 000000028258 003 CaOOAMICUS 005 20260515142427.0 008 180830s1960 gw u000 u ger u 040 $aSeMil$bita 100 1 $aBrunner, Emil,$d<1889-1966>.$0(OLS)http://semarc/name/12918 245 10$aDogmatik /$cEmil Brunner. 250 $a3. Aufl. 260 $aZürich ; Stuttgart :$bZwingli,$c1960. 300 $a3 v. ;$c23 cm. 650 4$aTeologia dogmatica.$0(OLS)http://semarc/subject/68 774 0 $tChristliche Lehre von Gott.$dZürich ; Stuttgart : Zwingli, 1960.$g1$w()63001 774 0 $tChristliche Lehre von Schöpfung und Erlösung.$dZürich ; Stuttgart : Zwingli, 1960.$g2$w()63002 774 0 $tChristliche Lehre von der Kirche vom Glauben und von der Vollendung.$dZürich ; Stuttgart : Zwingli, 1960.$g3$w()63003 996 $6245$aDogmatik$9(OLS)http://semarc/title/38337 996 $6260$aZürich ; Stuttgart :$bZwingli$9(OLS)http://semarc/publisher/32408